| 000 | 01109nam a22002297a 4500 | ||
|---|---|---|---|
| 999 |
_c57979 _d57979 |
||
| 003 | Ge_BSU | ||
| 005 | 20210415120017.0 | ||
| 008 | 210414s1987 ge ||||| |||| 00| 0 geo d | ||
| 041 | _ageo | ||
| 080 | _a811.161.1(075.4) გ-65 | ||
| 100 |
_aგოლეთიანი, გ. (გიორგი) _911354 |
||
| 245 |
_aრუსული ენის თვითმასწავლებელი : _b[დამხმ. სახელმძღვ.] / _c გ. გოლეთიანი; რედ.თ. ჯიჯეიშვილი, ვ. შმაკოვა. |
||
| 250 | _a მე-3 გამოცემა. | ||
| 264 |
_aთბ. : _b განათლება, _c1987. |
||
| 300 |
_a513 გვ. ; _b22 სმ. |
||
| 504 | _aბიბლიოგრ.: გვ. 514. | ||
| 653 | _aრუსული ენის თვითმასწავლებელი | ||
| 653 | _aრუსული ენა | ||
| 700 |
_aჯიჯეიშვილი, თ. _eრედაქტორი _99990 |
||
| 700 |
_aშმაკოვა, ვ. _eრედაქტორი _911355 |
||
| 942 |
_2udc _cBK |
||